Normal view
MARC view
Entry Personal Name
001 - CONTROL NUMBER
- control field: 1239932
003 - CONTROL NUMBER IDENTIFIER
- control field: OSt
005 - DATE AND TIME OF LATEST TRANSACTION
- control field: 20260514122658.0
008 - FIXED-LENGTH DATA ELEMENTS
- fixed length control field: 260514|| aca||aabn | a|a d
040 ## - CATALOGING SOURCE
- Original cataloging agency: OSt
- Transcribing agency: OSt
100 ## - HEADING--PERSONAL NAME
- Personal name: Dr.Satinder Aneja
670 ## - SOURCE DATA FOUND
- Source citation: Work cat.: (OSt)1851614: Gupta Dr.Juhi 1239931, Hospital Based Study of Neuro-Developmental Outcomes of Children Aged 2 to 5 Year with West Syndrome.
